000 00714nab a22002297a 4500
001 09707
003 HDC
007 cr bn ---aaaaa
008 210128c20120329my ||||| |||| 00| 00may d
040 _aHDC
245 0 _aPeserta kilang usahawan SME Bank dikagumi
336 _atext
_2rdacontent
337 _acomputer
_2rdamedia
338 _aonline resource
_2rdacarrier
650 _aHalal food industry
_9128
650 _aSmall business
_9208
710 _aUtusan Malaysia
856 _zRequest full-text at [email protected]
942 _2lcc
942 _cNEWS
942 _kNWSC 004040
999 _c7030
_d7030